RATANLAL & DHIRAJLAL THE LAW OF TORT (Record no. 25155)

MARC details
000 -LEADER
fixed length control field 00285nam a22001337a 4500
003 - CONTROL NUMBER IDENTIFIER
control field SGT
082 ## - DEWEY DECIMAL CLASSIFICATION NUMBER
Classification number 346.03
Item number SIN
100 ## - MAIN ENTRY--PERSONAL NAME
Personal name SINGH , G P
245 ## - TITLE STATEMENT
Title RATANLAL & DHIRAJLAL THE LAW OF TORT
250 ## - EDITION STATEMENT
Edition statement 23
260 ## - PUBLICATION, DISTRIBUTION, ETC. (IMPRINT)
Place of publication, distribution, etc DELHI
Name of publisher, distributor, etc UNIVERSAL
Year of Publication 1999
300 ## - PAGE DESCRIPTION
No. of Pages 801
942 ## - ADDED ENTRY ELEMENTS (KOHA)
Source of classification or shelving scheme Dewey Decimal Classification
Koha item type Books
942 ## - ADDED ENTRY ELEMENTS (KOHA)
-- 3
Holdings
Withdrawn status Lost status Source of classification or shelving scheme Damaged status Not for loan Collection code Home library Current library Shelving location Date acquired Cost, normal purchase price SGTU Total Checkouts Full call number Accession No. (Barcode) Date last seen Date last borrowed Bill Date Koha item type
    Dewey Decimal Classification     LAW SGT Science & Social Sciences Library SGT Science & Social Sciences Library Text Book 02/10/2023 395.00 SGTU 3 346.03 SIN FL3124 08/11/2024 08/11/2024 02/10/2023 Books